| 000 | 00827nam a2200229 a 4500 | ||
|---|---|---|---|
| 001 | 000046903 | ||
| 005 | 20201002053210.0 | ||
| 008 | 180406s2015 dr a r 000 0 spa d | ||
| 020 | _a9789945175073 | ||
| 040 |
_aDO-SdBNP _bspa _cBNPHU |
||
| 082 |
_axxx _bC569s, 1ro. |
||
| 245 | 0 | 0 |
_aCiencias sociales 1 : _bprimaria / _ccolaboración Pilar Vacas ... [et al.], edición Marcos Reynoso, ilustración Monterrat Ubach ... [et al.]. |
| 260 |
_aSanto Domingo : _bSM, _c2015. |
||
| 300 |
_a2v. : _bil., ; _c28cm. + _eCD-ROOM |
||
| 490 | 1 | _aProyecto Conecta | |
| 505 | 0 |
_gv.1. _tLibro texto -- _gv.2. _tCuaderno de estrategias |
|
| 590 | _aInventariado, 2018 | ||
| 700 | 1 |
_aVacas, Pilar, _ecolab.olab. _974833 |
|
| 700 | 1 |
_aReynoso, Marcos, _eed. _974834 |
|
| 700 | 1 |
_aUbach, Monterrat, _eil. _974835 |
|
| 830 | 0 |
_aProyecto Conecta _974836 |
|
| 999 |
_c46392 _d46392 |
||